| 000 | 00000nam 2200000za 4500 |
| 001 | 9.845607 |
| 003 | CaOODSP |
| 005 | 20221107153015 |
| 007 | cr ||||||||||| |
| 008 | 171017s2014 onco #o f000 0 fre d |
| 040 | |aCaOODSP|bfre |
| 043 | |an-cn--- |
| 086 | 1 |aNS3-68/2014F-PDF |
| 110 | 1 |aCanada. |bRéseaux de centres d'excellence (Canada) |
| 245 | 10|aForts de 25 années d'excellence en R et D |h[ressource électronique]. |
| 260 | |a[Ottawa] : |bRéseaux de centres d'excellence, |c[2014] |
| 300 | |a32 p. : |bphotographies (en coul.) |
| 500 | |aPubl. aussi en anglais sous le titre : Building on 25 years of R&D excellence. |
| 520 | |a« La collaboration et la convergence sont des caractéristiques importantes de la recherche du xxie siècle. De nouveaux domaines résultent de l’enrichissement mutuel des découvertes, des idées, des outils et des connaissances, ce qui change le milieu de la recherche et offre de nouvelles possibilités aux chercheurs de s’attaquer aux défis complexes du monde dans lequel nous vivons. Le présent rapport donne un aperçu du rôle des RCE dans le milieu de la recherche. Vous y trouverez des études de cas de centres et de réseaux qui présentent des stratégies de partenariat, des structures de gouvernance, des modèles d’affaires et des pratiques exemplaires qui donnent des résultats »--p. 3. |
| 692 | 07|2gccst|aRecherche |
| 775 | 08|tBuilding on 25 years of R&D excellence |w(CaOODSP)9.845605 |
| 856 | 40|qPDF|s10.11 Mo|uhttps://publications.gc.ca/collections/collection_2017/rce-nce/NS3-68-2014-fra.pdf |